000 00708nam a22002057a 4500
005 20251108164236.0
008 250721s1986 xx 000 0 ara d
082 1 4 _a338.91/جور
100 1 _aجور، جان سان
245 1 0 _aضرورة التعاون بين الشمال و الجنوب /
264 1 _aبيروت :
_bالمؤسسة العربية للدراسات و النشر،
_c1986.
300 _a120ص
650 1 7 _aالعلاقات الإقتصادية الدولية
650 1 7 _aالبلدان النامية
650 1 7 _aالإقتصاد
650 1 7 _aالتخطيط الإقتصادي
700 1 _aعليه، محمد بشير
_eترجمة
942 _2ddc
_cBK
999 _c7252
_d7252